logo

Bir Sreshtho Munshi Abdur Rouf Library
Jhenaidah Cadet College

গোলাপসংগ্রহ / (Record no. 1000)

MARC details
000 -LEADER
fixed length control field 00647nam a2200229 a 4500
001 - CONTROL NUMBER
JCCL Control Number 1000
003 - CONTROL NUMBER IDENTIFIER
JCCL marc code BD-JhCC
005 - DATE AND TIME OF LATEST TRANSACTION
control field 20201209134020.0
008 - FIXED-LENGTH DATA ELEMENTS--GENERAL INFORMATION
fixed length control field 171012s2004 bg a|||| |||| 000 0 ben d
020 ## - INTERNATIONAL STANDARD BOOK NUMBER
International Standard Book Number 9844103819
035 ## - SYSTEM CONTROL NUMBER
system control number (BD-JhCC)1000
040 ## - CATALOGING SOURCE
Original cataloging agency BD-JhCC
Modifying agency BD-JhCC
041 ## - LANGUAGE CODE
Language code of Book ben
082 ## - DEWEY DECIMAL CLASSIFICATION NUMBER
Classification number 635.933734
Author mark and Year SHA 2004
100 ## - MAIN ENTRY--PERSONAL NAME
Personal name শাকুর, আবদুশ
245 ## - TITLE STATEMENT
Title গোলাপসংগ্রহ /
Statement of responsibility, etc আবদুশ শাকুর,
260 ## - PUBLICATION, DISTRIBUTION, ETC. (IMPRINT)
Place of publication, distribution, etc ঢাকা :
Name of publisher, distributor, etc মাওলা ব্রাদার্স ;
Date of publication, distribution, etc 2004
300 ## - PHYSICAL DESCRIPTION
Pagination 214 p.;
Other physical details ii
Dimensions 24 cm.
650 ## - SUBJECT ADDED ENTRY--TOPICAL TERM
Topical term or geographic name as entry element Rose
942 ## - ADDED ENTRY ELEMENTS (KOHA)
Source of classification or shelving scheme Dewey Decimal Classification
Koha item type Books
Koha issues (borrowed), all copies 2
Holdings
Source of classification or shelving scheme Damaged status Not for loan Home library Current library Shelving location Source of acquisition Cost, normal purchase price Total Checkouts Full call number Barcode Date last seen Date checked out Copy number Koha item type
Dewey Decimal Classification     JCC Rouf Library JCC Rouf Library General Stacks Zahedee Foundation 750.00 1 635.933734 SHA 2004 1965 12/21/2020 12/08/2020 C-1 Books

JCC Library | Contacts | JCC Home

Last Update on 23 September 2017
Copyright @ 2017-2020 JCC Rouf Library
Rouf Library, Jhenidah Cadet College (JCC), Bangladesh